| 000 | 00844nab a2200241 u 4500 | ||
|---|---|---|---|
| 001 | 10123 | ||
| 003 | HDC | ||
| 007 | cr bn ---aaaaa | ||
| 008 | 210203c9999 |r|nos 0 a eng d | ||
| 040 | _aHDC | ||
| 110 | _aOriental Daily (Malaysia) | ||
| 245 | 0 | _aNow Muslim groups wants sedition probe against bottler for Hindu deity on labels | |
| 260 |
_a[no place] : _b[publisher not identified], _c[no year] |
||
| 336 |
_atext _2rdacontent |
||
| 337 |
_acomputer _2rdamedia |
||
| 338 |
_aonline resource _2rdacarrier |
||
| 650 |
_aHindu deity on labels _910329 |
||
| 650 |
_aislamic sensitivity _910274 |
||
| 856 | _zRequest full-text at [email protected] | ||
| 942 | _2lcc | ||
| 942 | _cNEWS | ||
| 942 | _kNWSO 000066 | ||
| 999 |
_c7446 _d7446 |
||